000 00642nam a22002177i 4500
003 URS
005 20220114152957.0
008 160503b xxu||||| |||| 00| 0 eng d
020 _a9789716836219
040 _erda
_cURSP-College Library
_beng
050 _aPE1404
_bEu4s 2008
100 1 _aEugenio, Marites A.
245 _aSkill in English Grammar and Usage
_cEugenio, Marites A.
264 1 _aManila
_bSt. Augustine Pub.Inc.
_c2008.
300 _aiv, 152pages
_c27cm
336 _atext
_btxt
_2rdacontent
337 _aunmediated
_bn
_2rdamedia
338 _avolume
_bnc
_2rdacarrier
650 0 _aEnglish language--Grammar.
942 _2lcc
_cF
999 _c7947
_d7947